000 00378nam a2200133Ia 4500
008 151001s9999||||xx |||||||||||||| ||und||
100 _aनर्मदा इंदूरखा
245 _aयुनामी वीर
250 _a1
260 _bनर्मदा पुस्तक प्रकाशन
260 _c2007
300 _a16
365 _b21
999 _c990300
_d990297